LEADER 00921nam a2200253 i 4500 001 991003746559707536 008 080625m19879999it 001 0 ita d 020 $a8802040605 035 $ab13745505-39ule_inst 040 $aFacoltà SSPT$bita 082 0 $a330.10 100 1 $aRicardo, David$050159 245 10$aOpere /$cdi David Ricardo ; a cura di Pier Luigi Porta 260 $aTorino : UTET 300 $av. ;$c24 cm 440 0$aClassici dell'economia 505 1 $g2.:$tNote a Malthus e Saggi e note. - c1987.$g- 896 p. 700 1 $aPorta , Pier Luigi 907 $a.b13745505$b02-04-14$c25-06-08 912 $a991003746559707536 945 $aLE021 330.10 CdE01.04$cV. 2$g1$i2020000005469$lle021$op$pE98.00$q-$rn$s- $t0$u0$v0$w0$x0$y.i14783861$z25-06-08 996 $aOn the principles of political economy and taxation$915414 997 $aUNISALENTO 998 $ale020$b25-06-08$cm$da $e-$fita$git $h0$i0 LEADER 02065oam 2200517M 450 001 9910716592103321 005 20200213070631.5 035 $a(CKB)5470000002522230 035 $a(OCoLC)1066023896 035 $a(OCoLC)995470000002522230 035 $a(EXLCZ)995470000002522230 100 $a20071213d1927 ua 0 101 0 $aeng 135 $aurcn||||||||| 181 $ctxt$2rdacontent 182 $cc$2rdamedia 183 $acr$2rdacarrier 200 10$aAuthorizing the Secretary of War to exchange deteriorated and unserviceable ammunition and components. February 23, 1927. -- Committed to the Committee of the Whole House on the State of the Union and ordered to be printed 210 1$a[Washington, D.C.] :$c[U.S. Government Printing Office],$d1927. 215 $a1 online resource (3 pages) 225 1 $aHouse report / 69th Congress, 2nd session. House ;$vno. 2227 225 1 $a[United States congressional serial set] ;$v[serial no. 8689] 300 $aBatch processed record: Metadata reviewed, not verified. Some fields updated by batch processes. 300 $aFDLP item number not assigned. 606 $aAmmunition 606 $aUnexploded ordnance 606 $aManufactures$xDefects 606 $aLegislative amendments 606 $aGovernment auctions 606 $aFinance, Public 608 $aLegislative materials.$2lcgft 615 0$aAmmunition. 615 0$aUnexploded ordnance. 615 0$aManufactures$xDefects. 615 0$aLegislative amendments. 615 0$aGovernment auctions. 615 0$aFinance, Public. 701 $aWurzbach$b Harry McLeary$f1874-1931$pRepublican (TX)$01386829 801 0$bWYU 801 1$bWYU 801 2$bOCLCO 801 2$bOCLCQ 906 $aBOOK 912 $a9910716592103321 996 $aAuthorizing the Secretary of War to exchange deteriorated and unserviceable ammunition and components. February 23, 1927. -- Committed to the Committee of the Whole House on the State of the Union and ordered to be printed$93528776 997 $aUNINA